000 00742nam a2200217Ia 4500
003 GCL
008 140319s9999 xx 000 0 ara d
040 _aGCL /
_cGCL
082 0 4 _a189.1
_bز م
100 1 _aرفيق العجم
245 1 0 _aمنطق ابن زرعة: العبارة, القياس, البرهان /
_cرفيق العجم
700 1 _aابن زرعة : ابوعلى عيسى بن اسحاق بن زرعة بن مرقس البغدادى
700 1 _aجيرار جهامى
300 _a311 ص
490 _aسلسلة علم المنطق
_v0
650 0 4 _aالفلسفة
650 0 4 _aالمنطق
650 0 4 _aالمنطق الاستقرائى
650 0 4 _aالاستدلال البرهانى
942 _2ddc
_cBK
999 _c37874
_d37874